书目信息 |
| 题名: |
化工腐蚀与防护
|
|
| 作者: | 张志宇 主编 | |
| 分册: | ||
| 出版信息: | 北京 化学工业出版社 2005.02 |
|
| 页数: | 173页 | |
| 开本: | 26cm | |
| 丛书名: | ||
| 单 册: | ||
| 中图分类: | TQ050.9 | |
| 科图分类: | ||
| 主题词: | 化工设备--腐蚀--高等学校--教材 , 化工设备--防腐--高等学校--教材 | |
| 电子资源: | ||
| ISBN: | 7-5025-5716-4 | |
| 000 | 00846nam0 2200253 450 | |
| 001 | 0171131151 | |
| 005 | 20050820180244.78 | |
| 010 | @a7-5025-5716-4@dCNY20.00 | |
| 100 | @a20050314d2005 km y0chiy0120 ea | |
| 101 | 0 | @achi |
| 102 | @aCN@b110000 | |
| 105 | @aa a 000yy | |
| 200 | 1 | @a化工腐蚀与防护@Ahua gong fu shi yu fang hu@f张志宇主编@Fzhang zhi yu zhu bian |
| 210 | @a北京@c化学工业出版社@d2005.02 | |
| 215 | @a173页@c图@d26cm | |
| 320 | @a有书目。 | |
| 330 | @a本书介绍了化工过程中腐蚀与防护,基本原理、影响因素、腐蚀形式及在自然环境中的腐蚀、及非金属材料的防腐蚀性能。 | |
| 333 | @a教育部高职高专规划教材 | |
| 606 | 0 | @a化工设备@x腐蚀@x高等学校@j教材 |
| 606 | 0 | @a化工设备@x防腐@x高等学校@j教材 |
| 690 | @aTQ050.9@v4 | |
| 701 | 0 | @a张志宇@Azhang zhi yu@4主编 |
| 801 | 0 | @aCN@bQSSK@c20050820 |
| 905 | @a10447@dTQ050.9@eZ258 | |
| 化工腐蚀与防护/张志宇主编.-北京:化学工业出版社,2005.02 |
| 173页:图;26cm |
| 使用对象:教育部高职高专规划教材 |
| ISBN 7-5025-5716-4:CNY20.00 |
| 本书介绍了化工过程中腐蚀与防护,基本原理、影响因素、腐蚀形式及在自然环境中的腐蚀、及非金属材料的防腐蚀性能。 |
| ● |
| 相关链接 |
|
|
|
正题名:化工腐蚀与防护
索取号:TQ050.9/Z258
 
预约/预借
| 序号 | 登录号 | 条形码 | 馆藏地/架位号 | 状态 | 备注 |
| 1 | 562174 | 205621745 | 自科库501/501自科库 138排5列1层/ [索取号:TQ050.9/Z258] | 在馆 | |
| 2 | 562175 | 205621754 | 材料与化工学院资料室/ [索取号:TQ050.9/Z258] | 在馆 | |
| 3 | 562176 | 205621763 | 自科库501/501自科库 138排5列1层/ [索取号:TQ050.9/Z258] | 在馆 |